[Event "15th Unive Open"]
[Site "Hoogeveen NED"]
[Date "2011.10.14"]
[Round "1"]
[White "Kollen,Z"]
[Black "Popilski,G"]
[Result "1/2-1/2"]
[WhiteElo "2112"]
[BlackElo "2381"]
[EventDate "2011.10.14"]

1. e4 c5 2. Nf3 Qa5 3. Nc3 e6 4. d4 cxd4 5. Nxd4 Nf6 6. f3 Nc6 7. Ndb5 Bb4
8. a3 Bxc3+ 9. Nxc3 O-O 10. Qd6 Qb6 11. Na4 Qa5+ 12. Nc3 Qb6 13. Na4 Qd4
14. Qxd4 Nxd4 15. Bd3 d5 16. Nc3 dxe4 17. Nxe4 Nd5 18. Bd2 e5 19. Nc3 Ne7
20. Nb5 Nxb5 21. Bxb5 Rd8 22. O-O-O Be6 23. Rhe1 a6 24. Bd3 Nc6 25. Bc3 f6
26. f4 Bg4 27. Bc4+ Kf8 28. Rxd8+ Rxd8 29. fxe5 fxe5 30. h3 Bh5 31. g4 Bf7
32. Bxf7 Kxf7 33. Bxe5 Rd5 34. Bf4 Nd4 35. Be3 Nc6 36. c4 Re5 37. Bf2 h5
38. Rxe5 1/2-1/2

[Event "15th Unive Open"]
[Site "Hoogeveen NED"]
[Date "2011.10.15"]
[Round "2"]
[White "Stavast,D"]
[Black "Van Foreest,Lucas"]
[Result "1-0"]
[WhiteElo "2097"]
[BlackElo "1918"]
[EventDate "2011.10.14"]

1. d4 d5 2. c4 e6 3. Nc3 c6 4. e4 Bb4 5. Bd3 c5 6. cxd5 exd5 7. Nge2 dxe4
8. Bxe4 Nf6 9. Bg5 Bxc3+ 10. bxc3 cxd4 11. O-O dxc3 12. Qc2 h6 13. Rad1
Nbd7 14. Bxf6 Qxf6 15. Nxc3 O-O 16. Nd5 Qg5 17. f4 Qh4 18. g3 Qh5 19. Ne7+
Kh8 20. Rd5 g5 21. Qb2+ f6 22. fxg5 hxg5 23. Nxc8 Ne5 24. Rxe5 Raxc8 25.
Ref5 1-0

[Event "15th Unive Open"]
[Site "Hoogeveen NED"]
[Date "2011.10.17"]
[Round "4"]
[White "Lenderman,A"]
[Black "Baklan,V"]
[Result "1-0"]
[WhiteElo "2562"]
[BlackElo "2617"]
[EventDate "2011.10.14"]

1. d4 Nf6 2. c4 e6 3. g3 Bb4+ 4. Bd2 c5 5. Bxb4 cxb4 6. Bg2 O-O 7. Nf3 d6
8. Nbd2 Qc7 9. Qb3 a5 10. Nf1 e5 11. Ne3 Nc6 12. dxe5 dxe5 13. Nd5 Nxd5 14.
cxd5 e4 15. dxc6 exf3 16. Qxf3 Rb8 17. Qf4 Qxf4 18. gxf4 bxc6 19. Bxc6 Ba6
20. Rc1 Rbc8 21. Kd2 Rfd8+ 22. Ke3 Rd6 23. Be4 Re8 24. Rc5 g6 25. f3 Rde6
26. Kf2 Kf8 27. f5 Re5 28. Rxe5 Rxe5 29. fxg6 hxg6 30. Rd1 Bc4 31. b3 Be6
32. Rd8+ Ke7 33. Ra8 Rh5 34. Kg3 Rc5 35. h4 Rh5 36. Bd3 g5 37. hxg5 Rxg5+
38. Kf4 Rc5 39. Ke3 Kd6 40. Be4 Kc7 41. Kd4 Rh5 42. Ra6 Bd7 43. Bd5 Bb5 44.
Rxa5 Bxe2 45. Rc5+ Kd6 46. Rc6+ Ke7 47. Rb6 Rh4+ 48. Ke3 Bf1 49. Rb7+ Kd6
50. Bxf7 Kc6 51. Rb8 Kc7 52. Ra8 Bb5 53. Bd5 Rh5 54. Be4 Rh2 55. Kd4 Kb6
56. Rb8+ Ka5 57. Kc5 Rh5+ 58. Bd5 Ba6 59. Ra8 Rf5 60. a3 Rxd5+ 61. Kxd5
bxa3 62. Kc5 1-0

[Event "15th Unive Open"]
[Site "Hoogeveen NED"]
[Date "2011.10.17"]
[Round "4"]
[White "Law,Nicky"]
[Black "De Jong,M"]
[Result "0-1"]
[WhiteElo "2208"]
[BlackElo "2370"]
[EventDate "2011.10.14"]

1. d4 e6 2. c4 Bb4+ 3. Nd2 Nf6 4. Ngf3 d5 5. e3 O-O 6. a3 Bxd2+ 7. Qxd2 b6
8. b4 a5 9. b5 c6 10. a4 Bb7 11. Ba3 Re8 12. c5 Ne4 13. Qb2 Nd7 14. Rc1 Rc8
15. bxc6 Bxc6 16. Ba6 Rb8 17. Bb5 bxc5 18. dxc5 e5 19. O-O Qc7 20. Rc2 Rb7
21. Rd1 Nef6 22. Qa1 Bxb5 23. axb5 Rxb5 24. Bb2 e4 25. c6 exf3 26. cxd7
Qxd7 27. Bxf6 Qg4 28. Kf1 Qxg2+ 29. Ke1 Qg1+ 30. Kd2 Qxf2+ 31. Kc1 Qxe3+
32. Rdd2 f2 0-1

[Event "15th Unive Open"]
[Site "Hoogeveen NED"]
[Date "2011.10.18"]
[Round "5"]
[White "Sadallah,O"]
[Black "Kollen,Z"]
[Result "1-0"]
[WhiteElo "2145"]
[BlackElo "2112"]
[EventDate "2011.10.14"]

1. d4 Nf6 2. c4 e6 3. Nc3 Bb4 4. e3 O-O 5. Bd3 b6 6. Nge2 Bb7 7. O-O d5 8.
cxd5 exd5 9. a3 Bd6 10. Ng3 c5 11. Nf5 c4 12. Bc2 a6 13. e4 dxe4 14. Bg5
Qd7 15. g4 Nd5 16. Nxe4 Bf4 17. Bxf4 Nxf4 18. Qf3 Ng6 19. Qh3 Bxe4 20. Bxe4
Nc6 21. d5 Nce5 22. d6 Rae8 23. Rfe1 h6 24. Rad1 Nf4 25. Qc3 Kh8 26. Bb1 f6
27. h3 Nfd3 28. Bxd3 Nf3+ 29. Kf1 Nxe1 30. Bxc4 Qc6 31. Rd5 b5 32. d7 Rd8
33. Ne7 Qc7 34. Ng6+ Kh7 35. Nxf8+ Rxf8 36. Bd3+ 1-0